000 00951nam0a22002411 4500
001 rc\3443747
005 20130115142701.6
035 _a(NLR Aleph) 007569480
090 _a5388984
_c5388984
100 _a20130115d1969 |||y0rusy50 ca
101 0 _arus
102 _aRU
105 _ay z |||||
200 1 _aВычисления с приближенными числами и учет погрешностей
_e[Метод. пособие]
_fСарат. высш. командно-инж. краснознам. ордена Красной Звезды училище им. Героя Советского Союза ген.-майора А.И. Лизюкова
210 _aСаратов
_cБ. и.
_d1969
215 _a24 с.
_d22
309 _aОтпеч. множит. аппаратом
700 1 _aГлухов
_bГ. М.
801 0 _aRU
_bNLR
_gpsbo
801 1 _aRU
_bELAR
_2rusmarc
852 _aNLR
_j50к/20032
942 _cBOOK
980 _aNB